000 00716nam a22002537a 4500
001 BR7406856
003 BR-BrBNA
005 20230928084700.0
007 ta
008 230509b bl.||||| |||| 00| 0 por d
040 _aBR-BrBNA
_bpor
_cBiblioteca Nacional de Agricultura
041 _a(Por)
072 _aL10
_b5212
090 _ 5212 BR7406856
110 1 _aComissao Estadual de Planejamento Agricola, Sao Luis, MA (Brasil)
_92062
245 1 _aPrograma de inseminacao artificial
260 3 _aSao Luis, MA (Brasil):
_c1974.
300 _a46 p.
650 _aINSEMINACAO ARTIFICIAL
650 _aMELHORAMENTO GENETICO ANIMAL
650 _aBOVINO
909 _a202309
_bLucia
_c55
_dLucia Elande
942 _cBK
999 _c20460
_d20460